[Event "Mediterranean-ch 11th"]
[Site "Petrovac"]
[Date "2021.06.19"]
[Round "1"]
[White "Khallouf, Abdallah"]
[Black "Gago Padreny, Ignacio"]
[Result "1/2-1/2"]
[WhiteElo "1691"]
[BlackElo "2254"]
[PlyCount "106"]
[EventDate "2021.06.19"]
[EventType "swiss"]
[EventRounds "9"]
[EventCountry "MNE"]
[SourceTitle "CBM 203 Extra"]
[Source "ChessBase"]
[SourceDate "2021.09.30"]
[SourceVersion "1"]
[SourceVersionDate "2021.09.30"]
[SourceQuality "1"]

1. d4 d5 2. Bg5 h6 3. Bh4 c6 4. e3 Qb6 5. b3 e5 6. Nf3 e4 7. Nfd2 Ne7 8. Bxe7 Bxe7 9. c4 Be6 10. Be2 0-0 11. 0-0 Nd7 12. Nc3 Rac8 13. a3 Qd8 14. c5 Nf6 15. b4 Qd7 16. b5 Bd8 17. Qa4 Bc7 18. Rfb1 Bg4 19. bxc6 bxc6 20. Rb2 Qf5 21. Nf1 Bxe2 22. Nxe2 a5 23. Rab1 Rfe8 24. Neg3 Qg4 25. Rb7 h5 26. h3 Qd7 27. R1b6 h4 28. Ne2 g5 29. Kh1 Qf5 30. Rxc6 Qxf2 31. Qd1 Bb8 32. Rxc8 Rxc8 33. Ng1 Kg7 34. Qe2 Qf5 35. Qa6 Nh5 36. Rb1 Bc7 37. Qe2 Qxf1 38. Qxh5 Qxb1 39. Qxg5+ Kf8 40. Qh6+ Kg8 41. Qg5+ Kf8 42. Qh6+ Ke8 43. Qh8+ Kd7 44. c6+ Kxc6 45. Qxc8 Qb3 46. Qe8+ Kb6 47. Qxf7 Qxe3 48. Qe6+ Ka7 49. Qxd5 Qf4 50. Qc5+ Kb7 51. Qb5+ Ka7 52. Qc5+ Kb7 53. Qb5+ Ka7 1/2-1/2

[Event "Alicante Easter op 5th"]
[Site "Alicante"]
[Date "2021.04.02"]
[Round "5"]
[White "Santos Ruiz, Miguel"]
[Black "Gago Padreny, Ignacio"]
[Result "1-0"]
[WhiteElo "2592"]
[BlackElo "2247"]
[PlyCount "101"]
[EventDate "2021.03.31"]
[EventType "swiss"]
[EventRounds "9"]
[EventCountry "ESP"]
[SourceTitle "CBM 201 Extra"]
[Source "ChessBase"]
[SourceDate "2021.05.31"]
[SourceVersion "1"]
[SourceVersionDate "2021.05.31"]
[SourceQuality "1"]

1. e4 c6 2. Nf3 d5 3. Nc3 Nf6 4. e5 Ne4 5. Ne2 Qb6 6. d4 e6 7. Ng3 c5 8. Bd3 Nxg3 9. fxg3 cxd4 10. 0-0 Nc6 11. a3 Bd7 12. b4 a6 13. Qe2 h6 14. g4 Be7 15. g5 0-0-0 16. gxh6 gxh6 17. Rb1 Na7 18. Bb2 Nc6 19. Ba1 f6 20. b5 axb5 21. Rxb5 Qc7 22. Rfb1 Na5 23. exf6 Bd6 24. Bxd4 Bxb5 25. Rxb5 Nc6 26. Qxe6+ Kb8 27. Bb2 Rhe8 28. Qf5 Ne5 29. Bxe5 Rxe5 30. Nxe5 Bxe5 31. g3 Rf8 32. Rxd5 Bxf6 33. Kg2 Be7 34. Qg6 Bg5 35. Qd6 Qxd6 36. Rxd6 Kc7 37. Rd4 Be3 38. Rc4+ Kd6 39. h4 Bc5 40. a4 b6 41. Re4 Kd5 42. g4 Bf2 43. g5 hxg5 44. hxg5 Bd4 45. g6 Rg8 46. Re7 Rg7 47. Rxg7 Bxg7 48. Kf3 Ke5 49. c4 Bf8 50. c5 bxc5 51. a5 1-0

[Event "Titled Tuesday intern op 23rd Mar"]
[Site "Chess.com INT"]
[Date "2021.03.23"]
[Round "10"]
[White "Gago Padreny, Ignacio"]
[Black "Florescu, Codrut Constantin"]
[Result "0-1"]
[WhiteElo "2247"]
[BlackElo "2293"]
[PlyCount "54"]
[EventDate "2021.03.23"]
[EventType "swiss (blitz)"]
[EventRounds "11"]
[EventCountry "USA"]
[SourceTitle "CBM 201 Extra"]
[Source "ChessBase"]
[SourceDate "2021.05.31"]
[SourceVersion "1"]
[SourceVersionDate "2021.05.31"]
[SourceQuality "1"]

1. d4 Nf6 2. c4 e6 3. Nc3 Bb4 4. e3 b6 5. Nge2 Ba6 6. a3 Bxc3+ 7. Nxc3 d5 8. cxd5 Bxf1 9. Kxf1 exd5 10. g3 0-0 11. Kg2 c5 12. dxc5 bxc5 13. Qf3 Nc6 14. Rd1 Ne7 15. Bd2 Rb8 16. Na4 Ne4 17. Rac1 Qd6 18. Be1 Rfd8 19. b4 c4 20. Nc3 Nf6 21. e4 d4 22. Na4 Rbc8 23. Nc5 Ng6 24. Qe2 d3 25. Qa2 Ne5 26. f4 Neg4 27. Qxc4 Ne3+ 0-1

[Event "Titled Tuesday intern op 23rd Mar"]
[Site "Chess.com INT"]
[Date "2021.03.23"]
[Round "4"]
[White "Gago Padreny, Ignacio"]
[Black "Piesik, Piotr"]
[Result "1/2-1/2"]
[WhiteElo "2247"]
[BlackElo "2400"]
[PlyCount "112"]
[EventDate "2021.03.23"]
[EventType "swiss (blitz)"]
[EventRounds "11"]
[EventCountry "USA"]
[SourceTitle "CBM 201 Extra"]
[Source "ChessBase"]
[SourceDate "2021.05.31"]
[SourceVersion "1"]
[SourceVersionDate "2021.05.31"]
[SourceQuality "1"]

1. d4 c5 2. d5 e5 3. c4 d6 4. Nc3 Be7 5. Nf3 a6 6. a3 b5 7. cxb5 axb5 8. Nxb5 Qa5+ 9. Nc3 Ba6 10. e4 Bxf1 11. Kxf1 Nf6 12. g3 Nbd7 13. Kg2 0-0 14. a4 Rfb8 15. Qc2 c4 16. Bd2 Nc5 17. Nb5 Qd8 18. Rhe1 Nxa4 19. Rxa4 Rxb5 20. Rxc4 Nd7 21. b4 f5 22. Rc1 fxe4 23. Qxe4 Nf6 24. Qf5 Qd7 25. Rc8+ Rxc8 26. Rxc8+ Bf8 27. Qe6+ Qxe6 28. dxe6 Rb7 29. Ng5 Re7 30. b5 h6 31. Nf7 Rxe6 32. Nd8 Re8 33. b6 Nd7 34. b7 Be7 35. Nc6 Kf7 36. Rxe8 Kxe8 37. b8Q+ Nxb8 38. Nxb8 d5 39. Nc6 Bd6 40. Bb4 Bc7 41. Kf3 Kd7 42. Na5 Ke6 43. Nb3 Bb6 44. Ke2 Kf5 45. Bc5 Bc7 46. f3 h5 47. Ke3 g5 48. h3 g4 49. fxg4+ hxg4 50. h4 d4+ 51. Bxd4 exd4+ 52. Nxd4+ Kg6 53. Kf2 Bb6 54. Ke3 Bc7 55. Kf2 Bb6 56. Ke3 Bc7 1/2-1/2

[Event "Titled Tuesday intern op 23rd Mar"]
[Site "Chess.com INT"]
[Date "2021.03.23"]
[Round "8"]
[White "Janaszak, Dawid"]
[Black "Gago Padreny, Ignacio"]
[Result "0-1"]
[WhiteElo "2348"]
[BlackElo "2247"]
[PlyCount "102"]
[EventDate "2021.03.23"]
[EventType "swiss (blitz)"]
[EventRounds "11"]
[EventCountry "USA"]
[SourceTitle "CBM 201 Extra"]
[Source "ChessBase"]
[SourceDate "2021.05.31"]
[SourceVersion "1"]
[SourceVersionDate "2021.05.31"]
[SourceQuality "1"]

1. e4 c6 2. d4 d5 3. exd5 Qxd5 4. Nc3 Qa5 5. Bc4 Nf6 6. Nf3 Bf5 7. Ne5 e6 8. g4 Bg6 9. Bd2 Nbd7 10. Nxd7 Nxd7 11. Qf3 Bb4 12. 0-0-0 0-0-0 13. Kb1 Nb6 14. Bb3 Rxd4 15. a3 Bxc3 16. Bxc3 Rxd1+ 17. Rxd1 Qb5 18. Bxg7 Rd8 19. Rxd8+ Kxd8 20. Ka2 Nd7 21. Qe3 Nc5 22. Qd4+ Kc8 23. Bf6 Qb6 24. Qd6 Nd7 25. Bh4 Qc5 26. Qd2 Be4 27. Qf4 Bg6 28. Bg3 e5 29. Qd2 Qe7 30. f4 exf4 31. Qxf4 Kd8 32. Qc7+ Ke8 33. Qc8+ Qd8 34. Qxb7 Qb6 35. Qc8+ Ke7 36. Bh4+ f6 37. Qg8 Qd4 38. Qe6+ Kd8 39. Bg3 c5 40. Qg8+ Ke7 41. Qg7+ Kd8 42. Be6 Bxc2 43. Qg8+ Ke7 44. Qf7+ Kd8 45. Bxd7 Qxd7 46. Qxf6+ Kc8 47. Qf8+ Kb7 48. Qb8+ Ka6 49. Qg8 Bd3 50. b3 Bb5 51. Qg7 Qxg7 0-1

[Event "Titled Tuesday intern op 09th Mar"]
[Site "Chess.com INT"]
[Date "2021.03.09"]
[Round "4"]
[White "Gago Padreny, Ignacio"]
[Black "Bashirli, Saadat"]
[Result "0-1"]
[WhiteElo "2247"]
[BlackElo "1320"]
[PlyCount "96"]
[EventDate "2021.03.09"]
[EventType "swiss (blitz)"]
[EventRounds "11"]
[EventCountry "USA"]
[SourceTitle "CBM 201 Extra"]
[Source "ChessBase"]
[SourceDate "2021.05.31"]
[SourceVersion "1"]
[SourceVersionDate "2021.05.31"]
[SourceQuality "1"]

1. d4 d5 2. Nf3 e6 3. Bf4 c5 4. e3 Nf6 5. c3 Nc6 6. Nbd2 c4 7. h3 a6 8. Be2 b5 9. 0-0 Bd6 10. Bxd6 Qxd6 11. a4 Bb7 12. Re1 0-0 13. Bf1 b4 14. Qc2 b3 15. Qb1 e5 16. dxe5 Nxe5 17. Nxe5 Qxe5 18. Nf3 Qe4 19. Qxe4 Nxe4 20. Red1 Rfd8 21. Nd4 a5 22. Be2 Nc5 23. Rd2 Ne6 24. Nb5 Rac8 25. Bf3 Nc5 26. g3 Nd3 27. Rad1 h6 28. h4 Kf8 29. Kf1 Ke7 30. Rxd3 cxd3 31. Rxd3 Ba6 32. Bxd5 Rc5 33. c4 Bxb5 34. axb5 a4 35. Ke2 Rb8 36. Kd2 Rbc8 37. Rd4 R8c7 38. b6 Rc8 39. Kc3 Rb8 40. b7 Ra5 41. Kb4 a3 42. bxa3 b2 43. Rd1 Rxd5 44. cxd5 Rxb7+ 45. Kc5 b1Q 46. d6+ Kd7 47. Rxb1 Rxb1 48. a4 Ra1 0-1

[Event "Titled Tuesday intern op 09th Mar"]
[Site "Chess.com INT"]
[Date "2021.03.09"]
[Round "11"]
[White "Gago Padreny, Ignacio"]
[Black "Jannatul, Ferdous"]
[Result "1-0"]
[WhiteElo "2247"]
[BlackElo "1781"]
[PlyCount "133"]
[EventDate "2021.03.09"]
[EventType "swiss (blitz)"]
[EventRounds "11"]
[EventCountry "USA"]
[SourceTitle "CBM 201 Extra"]
[Source "ChessBase"]
[SourceDate "2021.05.31"]
[SourceVersion "1"]
[SourceVersionDate "2021.05.31"]
[SourceQuality "1"]

1. d4 d5 2. Nf3 c6 3. Bf4 Nf6 4. e3 Bg4 5. Nbd2 e6 6. c3 Nbd7 7. Be2 Be7 8. h3 Bxf3 9. Bxf3 0-0 10. 0-0 c5 11. Re1 c4 12. e4 dxe4 13. Nxe4 Nd5 14. Bg3 N7f6 15. Qe2 Rc8 16. Be5 Nd7 17. Bg3 N7b6 18. Qc2 Qd7 19. h4 Qa4 20. Qb1 Qd7 21. h5 h6 22. Be5 Na4 23. Qc2 b5 24. g3 f6 25. Bf4 Nxf4 26. gxf4 f5 27. Nd2 Bd6 28. Re2 Bxf4 29. Rae1 Rf6 30. Bg2 Qf7 31. Bf3 g6 32. Bg2 g5 33. Nf3 Nb6 34. Ne5 Qxh5 35. Nc6 Rxc6 36. Bxc6 e5 37. Bg2 e4 38. Rxe4 Bh2+ 39. Kf1 fxe4 40. Qxe4 Kg7 41. Qb7+ Qf7 42. Re7 Rxf2+ 43. Ke1 Bg3 44. Kd1 Rf6 45. Rxf7+ Rxf7 46. Qe4 Kf6 47. Bh3 Re7 48. Qf5+ Kg7 49. Bg4 Re1+ 50. Kc2 Re7 51. Bh5 Nd7 52. Qg6+ Kh8 53. Qxh6+ Rh7 54. Qxg5 Rg7 55. Qd8+ Rg8 56. Qxd7 Bf4 57. Bf3 Rg3 58. Be4 Rg7 59. Qe8+ Rg8 60. Qh5+ Kg7 61. Qg4+ Kf8 62. Qxf4+ Ke7 63. Qe5+ Kd8 64. Qd5+ Kc7 65. Qxg8 Kb6 66. Qg7 Ka5 67. Qxa7# 1-0

[Event "Titled Tuesday intern op 23rd Feb"]
[Site "Chess.com INT"]
[Date "2021.02.23"]
[Round "4"]
[White "Chan, Kim Yew"]
[Black "Gago Padreny, Ignacio"]
[Result "1-0"]
[WhiteElo "2303"]
[BlackElo "2247"]
[PlyCount "151"]
[EventDate "2021.02.23"]
[EventType "swiss (blitz)"]
[EventRounds "11"]
[EventCountry "USA"]
[SourceTitle "CBM 200 Extra"]
[Source "ChessBase"]
[SourceDate "2021.03.31"]
[SourceVersion "1"]
[SourceVersionDate "2021.03.31"]
[SourceQuality "1"]

1. d4 d5 2. Nc3 e6 3. Bf4 Nf6 4. e3 Be7 5. g4 h6 6. h4 c5 7. dxc5 Nbd7 8. Bg2 Nxc5 9. g5 Nfe4 10. Nxe4 Nxe4 11. Bxe4 Qa5+ 12. c3 dxe4 13. gxh6 gxh6 14. Qd4 Rg8 15. Qxe4 Qb6 16. 0-0-0 Bd7 17. Qd4 Qxd4 18. exd4 Bc6 19. Rh3 0-0-0 20. Nf3 Bxf3 21. Rxf3 Bxh4 22. Bxh6 Rd7 23. Rh1 Bg5+ 24. Bxg5 Rxg5 25. Rh7 f5 26. Rh8+ Kc7 27. Re3 Rg2 28. Re2 Re7 29. Kd2 Kd7 30. Rb8 Kc7 31. Rf8 Kd7 32. Ke3 Reg7 33. Kf3 Rh2 34. Ke3 Rg4 35. Kd2 Rf4 36. Rf7+ Kd6 37. Rf6 Rfxf2 38. Rfxe6+ Kd7 39. Re7+ Kc8 40. Rxf2 Rxf2+ 41. Re2 Rf1 42. Ke3 Kd7 43. Rf2 Ra1 44. a3 Rb1 45. Kf4 Ke6 46. c4 Rd1 47. d5+ Kf6 48. b3 Rd3 49. Rf3 Rd4+ 50. Ke3 Rd1 51. Ke2 Rd4 52. Ke3 Rd1 53. a4 Ke5 54. Rh3 f4+ 55. Kf3 Rb1 56. Rh5+ Kd6 57. Rh6+ Kc5 58. Kxf4 Rxb3 59. Rh7 Kxc4 60. d6 Rd3 61. Ke5 Kc5 62. Rc7+ Kb6 63. Rc4 a5 64. Ke6 Ka6 65. d7 b5 66. Rc6+ Kb7 67. axb5 a4 68. Rd6 Re3+ 69. Kd5 a3 70. d8Q Rd3+ 71. Kc5 Rc3+ 72. Kb4 Rc7 73. Rd7 Rxd7 74. Qxd7+ Kb6 75. Qd1 a2 76. Qa1 1-0

[Event "Titled Tuesday intern op 23rd Feb"]
[Site "Chess.com INT"]
[Date "2021.02.23"]
[Round "5"]
[White "Guimaraes, Diogo Duarte"]
[Black "Gago Padreny, Ignacio"]
[Result "1-0"]
[WhiteElo "2248"]
[BlackElo "2247"]
[PlyCount "61"]
[EventDate "2021.02.23"]
[EventType "swiss (blitz)"]
[EventRounds "11"]
[EventCountry "USA"]
[SourceTitle "CBM 200 Extra"]
[Source "ChessBase"]
[SourceDate "2021.03.31"]
[SourceVersion "1"]
[SourceVersionDate "2021.03.31"]
[SourceQuality "1"]

1. e4 c6 2. Bc4 d5 3. Bb3 Nf6 4. e5 Nfd7 5. d4 e6 6. Nf3 c5 7. c3 Nc6 8. 0-0 Be7 9. Bc2 Qb6 10. Re1 a6 11. h4 f6 12. exf6 Nxf6 13. Ng5 cxd4 14. Nxe6 Bxe6 15. Rxe6 dxc3 16. Nxc3 0-0 17. Be3 d4 18. Na4 Qd8 19. Bg5 Nb4 20. Bb3 Kh8 21. a3 Nc6 22. Rc1 Na5 23. Bc2 b5 24. Nb6 Rb8 25. Qd3 g6 26. Rxe7 Qxe7 27. Nd5 Nxd5 28. Bxe7 Nxe7 29. Qxd4+ Kg8 30. Re1 Nac6 31. Bb3+ 1-0

[Event "Titled Tuesday intern op 09th Feb"]
[Site "Chess.com INT"]
[Date "2021.02.09"]
[Round "10"]
[White "Gago Padreny, Ignacio"]
[Black "Kalogeris, Ioannis"]
[Result "0-1"]
[WhiteElo "2247"]
[BlackElo "2307"]
[PlyCount "66"]
[EventDate "2021.02.09"]
[EventType "swiss (blitz)"]
[EventRounds "11"]
[EventCountry "USA"]
[SourceTitle "EXT 2022"]
[Source "ChessBase"]
[SourceDate "2021.10.06"]
[SourceVersion "1"]
[SourceVersionDate "2021.10.06"]
[SourceQuality "1"]

1. d4 d5 2. Nf3 Nf6 3. c4 c6 4. Nc3 e6 5. Bg5 Be7 6. e3 Nbd7 7. Rc1 a6 8. c5 b5 9. h3 h6 10. Bf4 b4 11. Na4 Ne4 12. Ne5 Nxe5 13. Bxe5 Bh4 14. Rc2 0-0 15. Nb6 Ra7 16. Qg4 Bg5 17. Bd3 f5 18. Qh5 f4 19. exf4 Bxf4 20. Bxe4 dxe4 21. Bxf4 Rxf4 22. 0-0 Raf7 23. Re2 e5 24. Qxe5 Bxh3 25. gxh3 Qh4 26. Re3 R7f5 27. Qe8+ Kh7 28. Rg3 Rg5 29. Kg2 Rf3 30. Rxg5 Qxg5+ 31. Kh2 Qf4+ 32. Kg1 Rxh3 33. Re1 Qf3 0-1

[Event "Titled Tuesday intern op 09th Feb"]
[Site "Chess.com INT"]
[Date "2021.02.09"]
[Round "9"]
[White "Gago Padreny, Ignacio"]
[Black "Suvorov, Alexander David"]
[Result "1-0"]
[WhiteElo "2247"]
[BlackElo "2353"]
[PlyCount "73"]
[EventDate "2021.02.09"]
[EventType "swiss (blitz)"]
[EventRounds "11"]
[EventCountry "USA"]
[SourceTitle "EXT 2022"]
[Source "ChessBase"]
[SourceDate "2021.10.06"]
[SourceVersion "1"]
[SourceVersionDate "2021.10.06"]
[SourceQuality "1"]

1. d4 Nf6 2. Nf3 e6 3. Bf4 c5 4. e3 b6 5. c3 Bb7 6. Nbd2 cxd4 7. exd4 d6 8. Bd3 Be7 9. 0-0 0-0 10. Re1 Nbd7 11. a4 a6 12. Qe2 Re8 13. h3 Nf8 14. Ne4 Nxe4 15. Bxe4 Bxe4 16. Qxe4 Ng6 17. Bg3 Qd7 18. Qe2 b5 19. axb5 axb5 20. Qe4 Rab8 21. Ra6 d5 22. Qd3 Rb7 23. Rea1 h5 24. Ra8 Bf6 25. h4 b4 26. c4 dxc4 27. Qxc4 Kh7 28. Qe2 Rxa8 29. Rxa8 Qb5 30. Qd1 Qf5 31. Qd2 Qe4 32. Ng5+ Bxg5 33. Qxg5 Qg4 34. Qd8 Rb5 35. Qg8+ Kh6 36. Qxf7 Rd5 37. Rg8 1-0

[Event "Titled Tuesday intern op 02nd Feb"]
[Site "Chess.com INT"]
[Date "2021.02.02"]
[Round "11"]
[White "Berdnyk, Mariia"]
[Black "Gago Padreny, Ignacio"]
[Result "1-0"]
[WhiteElo "2289"]
[BlackElo "2247"]
[PlyCount "39"]
[EventDate "2021.02.02"]
[EventType "swiss (blitz)"]
[EventRounds "11"]
[EventCountry "USA"]
[SourceTitle "CBM 200 Extra"]
[Source "ChessBase"]
[SourceDate "2021.03.31"]
[SourceVersion "1"]
[SourceVersionDate "2021.03.31"]
[SourceQuality "1"]

1. d4 d5 2. c4 e6 3. Nf3 Nf6 4. g3 Be7 5. Bg2 0-0 6. 0-0 dxc4 7. Qc2 a6 8. a4 Bd7 9. Qxc4 Bc6 10. Bf4 Bd6 11. Qc1 Nbd7 12. Nc3 Qe7 13. Rd1 a5 14. Ne5 Bxg2 15. Kxg2 Bb4 16. Bg5 Rfd8 17. Ne4 c6 18. Nxd7 Rxd7 19. Bxf6 gxf6 20. Qh6 1-0

[Event "Titled Tuesday intern op 02nd Feb"]
[Site "Chess.com INT"]
[Date "2021.02.02"]
[Round "5"]
[White "Villalba, Marcelo"]
[Black "Gago Padreny, Ignacio"]
[Result "1-0"]
[WhiteElo "2258"]
[BlackElo "2247"]
[PlyCount "125"]
[EventDate "2021.02.02"]
[EventType "swiss (blitz)"]
[EventRounds "11"]
[EventCountry "USA"]
[SourceTitle "CBM 200 Extra"]
[Source "ChessBase"]
[SourceDate "2021.03.31"]
[SourceVersion "1"]
[SourceVersionDate "2021.03.31"]
[SourceQuality "1"]

1. e4 c6 2. d4 d5 3. exd5 cxd5 4. Bd3 Nc6 5. c3 Nf6 6. Ne2 Bg4 7. 0-0 e6 8. Qe1 Bxe2 9. Qxe2 Bd6 10. Bg5 h6 11. Bh4 Qc7 12. Bg3 Bxg3 13. hxg3 h5 14. Nd2 h4 15. gxh4 Rxh4 16. g3 Rh6 17. Kg2 0-0-0 18. Rh1 Rdh8 19. Rxh6 Rxh6 20. Rh1 Rxh1 21. Kxh1 Qd8 22. Kg2 Qh8 23. Nf3 Qh6 24. Qd2 Qxd2 25. Nxd2 Kc7 26. Kf3 Kd6 27. Ke3 e5 28. dxe5+ Nxe5 29. f3 Nfd7 30. Be2 Nc5 31. f4 Nc6 32. b3 Ne7 33. Bg4 g6 34. Kd4 Nc6+ 35. Ke3 Ne7 36. Bh3 Nc6 37. g4 Ne7 38. g5 Nc6 39. Bg4 a5 40. Bh3 b6 41. Bg4 Na7 42. c4 b5 43. cxd5 Kxd5 44. Bf3+ Kd6 45. Ne4+ Nxe4 46. Bxe4 b4 47. Bd3 Nc8 48. Bc4 Ke7 49. Kd4 Nd6 50. Bd3 Ke6 51. Kc5 Nb7+ 52. Kb6 Nd8 53. Kxa5 Nc6+ 54. Kb5 Kd5 55. Bc4+ Kd6 56. Bxf7 Nd4+ 57. Kxb4 Ne2 58. Bxg6 Nxf4 59. Bf7 Ke7 60. g6 Kf8 61. a4 Kg7 62. a5 Nd3+ 63. Kb5 1-0

[Event "Titled Tuesday intern op 26th Jan"]
[Site "Chess.com INT"]
[Date "2021.01.26"]
[Round "1"]
[White "Bodnaruk, Anastasia"]
[Black "Gago Padreny, Ignacio"]
[Result "1/2-1/2"]
[WhiteElo "2443"]
[BlackElo "2247"]
[PlyCount "126"]
[EventDate "2021.01.26"]
[EventType "swiss (blitz)"]
[EventRounds "11"]
[EventCountry "USA"]
[SourceTitle "CBM 200 Extra"]
[Source "ChessBase"]
[SourceDate "2021.03.31"]
[SourceVersion "1"]
[SourceVersionDate "2021.03.31"]
[SourceQuality "1"]

1. e4 c6 2. d4 d5 3. e5 Bf5 4. Nf3 e6 5. Be2 c5 6. 0-0 Nc6 7. c3 Qb6 8. dxc5 Bxc5 9. b4 Be7 10. Qa4 Nh6 11. Be3 Qd8 12. Nd4 0-0 13. Nxc6 bxc6 14. Qxc6 Rc8 15. Qa4 Bxb1 16. Raxb1 Rxc3 17. Bxh6 gxh6 18. Qxa7 d4 19. Rfd1 d3 20. Bf3 Bg5 21. b5 d2 22. b6 Qd4 23. Qa6 Qxe5 24. b7 Rc1 25. Qe2 Bf4 26. g3 Qxe2 27. Bxe2 Be5 28. Rdxc1 dxc1Q+ 29. Rxc1 Rb8 30. Bf3 Kf8 31. a4 Ke7 32. a5 Bd4 33. Rc7+ Kf6 34. Be4 Ke5 35. Bxh7 f5 36. a6 Kd6 37. Rf7 Kc6 38. Kg2 Kb6 39. Re7 Kxa6 40. Rxe6+ Kxb7 41. Bxf5 Kc7 42. Rxh6 Rb2 43. h4 Rxf2+ 44. Kh3 Rxf5 45. Ra6 Rf3 46. Kg4 Rb3 47. Rg6 Be5 48. Kf5 Bxg3 49. h5 Bd6 50. h6 Rf3+ 51. Ke6 Rh3 52. Rg7+ Kc6 53. h7 Rh6+ 54. Kf5 Bc5 55. Kg5 Rh1 56. Rg6+ Kb5 57. Rg7 Bd4 58. Rd7 Kc4 59. Kf5 Kc5 60. Kg6 Rg1+ 61. Kf5 Rh1 62. Kg6 Rg1+ 63. Kf5 Rh1 1/2-1/2

[Event "Titled Tuesday intern op 26th Jan"]
[Site "Chess.com INT"]
[Date "2021.01.26"]
[Round "11"]
[White "Gago Padreny, Ignacio"]
[Black "Quirke, Jeffrey"]
[Result "1-0"]
[WhiteElo "2247"]
[BlackElo "2107"]
[PlyCount "69"]
[EventDate "2021.01.26"]
[EventType "swiss (blitz)"]
[EventRounds "11"]
[EventCountry "USA"]
[SourceTitle "CBM 200 Extra"]
[Source "ChessBase"]
[SourceDate "2021.03.31"]
[SourceVersion "1"]
[SourceVersionDate "2021.03.31"]
[SourceQuality "1"]

1. d4 d5 2. c4 e6 3. Nc3 Bb4 4. Nf3 dxc4 5. e3 b5 6. a4 c6 7. Bd2 a5 8. axb5 Bxc3 9. Bxc3 cxb5 10. b3 Bb7 11. bxc4 b4 12. Bb2 Nf6 13. Bd3 Nbd7 14. 0-0 0-0 15. Qc2 Qc7 16. h3 h6 17. Rfd1 Rfd8 18. e4 e5 19. dxe5 Nh5 20. Nd4 Nxe5 21. Nf5 Nxd3 22. Rxd3 Rxd3 23. Qxd3 a4 24. g4 Nf4 25. Qe3 a3 26. Bxg7 Rd8 27. Bxh6 Rd3 28. Bxf4 Qxc4 29. Qe2 Qxe4 30. Qxe4 Bxe4 31. Ng3 Bg6 32. Nf5 Bxf5 33. gxf5 Rf3 34. Bd6 Rxf5 35. Bxb4 1-0

[Event "Titled Tuesday intern op 26th Jan"]
[Site "Chess.com INT"]
[Date "2021.01.26"]
[Round "7"]
[White "Gago Padreny, Ignacio"]
[Black "Vaishali, Ramesh Babu"]
[Result "1/2-1/2"]
[WhiteElo "2247"]
[BlackElo "2393"]
[PlyCount "178"]
[EventDate "2021.01.26"]
[EventType "swiss (blitz)"]
[EventRounds "11"]
[EventCountry "USA"]
[SourceTitle "CBM 200 Extra"]
[Source "ChessBase"]
[SourceDate "2021.03.31"]
[SourceVersion "1"]
[SourceVersionDate "2021.03.31"]
[SourceQuality "1"]

1. d4 d5 2. c4 Nc6 3. Nf3 Bg4 4. Nc3 e6 5. Bf4 Bd6 6. Bg3 Nf6 7. e3 0-0 8. Be2 Ne7 9. 0-0 Bxg3 10. hxg3 c6 11. Ne5 Bxe2 12. Qxe2 Ng6 13. Nxg6 hxg6 14. Rad1 Qb6 15. Rd2 Qa6 16. cxd5 Qxe2 17. Rxe2 exd5 18. b4 a6 19. Rc1 g5 20. Rec2 g6 21. a4 Kg7 22. b5 axb5 23. axb5 g4 24. bxc6 bxc6 25. Ne2 Rh8 26. Rxc6 Rh6 27. Rc7 Rah8 28. Kf1 Rh1+ 29. Ng1 Ra8 30. R7c2 Ne4 31. Ke2 Ra6 32. Kd3 Ra3+ 33. Ke2 Ra6 34. Kd3 Rh2 35. f3 Ra3+ 36. Ke2 Rxg2+ 37. Kf1 Rxc2 38. Rxc2 gxf3 39. Nxf3 Nxg3+ 40. Kf2 Ne4+ 41. Ke2 Ng3+ 42. Kf2 Nf5 43. Re2 f6 44. Re1 g5 45. Re2 Kg6 46. Ne1 Ra7 47. Nd3 Rh7 48. Kg2 Nh4+ 49. Kg3 Nf5+ 50. Kg2 g4 51. Nf4+ Kg5 52. Nxd5 Nh4+ 53. Kg3 Nf3 54. Nf4 Rh1 55. Rg2 Nh4 56. Ra2 Rg1+ 57. Kf2 Rb1 58. Ra5+ f5 59. Ra8 Rb2+ 60. Kf1 Nf3 61. Rh8 Nd2+ 62. Ke2 Nf3+ 63. Kd3 Kf6 64. Re8 g3 65. Rg8 Rd2+ 66. Kc3 Rf2 67. Rxg3 Ng5 68. Nd5+ Kg6 69. Ne7+ Kf6 70. Nd5+ Kg6 71. Nf4+ Kh6 72. d5 Ne4+ 73. Kd4 Nxg3 74. Ke5 Ne2 75. Ne6 Kg6 76. d6 Nc3 77. d7 Rd2 78. Nd4 Rd3 79. d8Q Rxe3+ 80. Kd6 Rd3 81. Kc5 Ne4+ 82. Kc4 Rd2 83. Qg8+ Kh5 84. Qh7+ Kg4 85. Qg6+ Ng5 86. Qxf5+ Kh5 87. Qf4 Rg2 88. Nf3 Rg4 89. Qxg4+ Kxg4 1/2-1/2

[Event "Titled Tuesday intern op 26th Jan"]
[Site "Chess.com INT"]
[Date "2021.01.26"]
[Round "10"]
[White "Novikov, Evgenij"]
[Black "Gago Padreny, Ignacio"]
[Result "1-0"]
[WhiteElo "2276"]
[BlackElo "2247"]
[PlyCount "85"]
[EventDate "2021.01.26"]
[EventType "swiss (blitz)"]
[EventRounds "11"]
[EventCountry "USA"]
[SourceTitle "CBM 200 Extra"]
[Source "ChessBase"]
[SourceDate "2021.03.31"]
[SourceVersion "1"]
[SourceVersionDate "2021.03.31"]
[SourceQuality "1"]

1. e4 c6 2. Nf3 d5 3. Nc3 Bg4 4. h3 Bxf3 5. Qxf3 Nf6 6. d3 e6 7. Bd2 Bc5 8. g4 0-0 9. g5 Ne8 10. h4 f5 11. exd5 exd5 12. 0-0-0 Nd7 13. Re1 Qb6 14. Na4 Qc7 15. Nxc5 Nxc5 16. h5 Qd6 17. Bf4 Qd7 18. h6 g6 19. Qe3 b6 20. Be5 Nd6 21. Bh3 Rae8 22. Qf4 Nf7 23. Bg7 Rxe1+ 24. Rxe1 Re8 25. Rxe8+ Qxe8 26. Bc3 Ne6 27. Qa4 Nexg5 28. Bf1 Ne6 29. Qxa7 Nxh6 30. Qxb6 Ng4 31. a4 d4 32. Bd2 Nxf2 33. a5 Nf4 34. Kb1 Nd5 35. Qxd4 Ng4 36. c4 Ndf6 37. Bc3 Qa8 38. Bg2 c5 39. Bxa8 cxd4 40. Bxd4 Nd7 41. Bd5+ Kf8 42. a6 h5 43. a7 1-0